00369nam a22001457a 4500003000400000005001700004008004100021020001800062040000700080082002200087100001900109245005800128260002900186300000800215OSt20210827143230.0210827b |||||||| |||| 00| 0 eng d a9812-53-096-7 cHU 23rda 519.535/AND aT. W. Anderson aAn Introduction to Multivariate Statistical Analysis  bWILEY INTERSCIENCEc2003 a721